|
|
|
|
| LEADER |
01248ppm a22002658a 4500 |
| 001 |
00044591 |
| 005 |
20190820080820.0 |
| 008 |
170628s2017 ||||||viesd |
| 041 |
0 |
# |
|a vie
|
| 082 |
1 |
4 |
|b PH110TR
|a 373.11
|
| 100 |
1 |
# |
|a Nguyễn, Hà Linh
|
| 245 |
0 |
0 |
|b Luận văn thạc sĩ khoa học giáo dục. Chuyên ngành: Quản lý giáo dục. Mã số: 8.14.01.14
|c Nguyễn Hà Linh; Phan Trọng Nam (hướng dẫn)
|a Phát triển đội ngũ giáo viên các trường THPT huyện Châu Thành, tỉnh Kiên Giang đáp ứng yêu cầu đổi mới giáo dục phổ thông
|
| 260 |
# |
# |
|a Đồng Tháp
|b Đại học Đồng Tháp
|c 2019
|
| 300 |
# |
# |
|a 122 tr. +phụ lục
|c 30cm.
|
| 500 |
# |
# |
|a ĐTTS ghi: Bộ giáo dục và đào tạo. Trường Đại học Đồng Tháp
|
| 653 |
# |
# |
|a Kiên Giang
|
| 653 |
# |
# |
|a Đội ngũ giáo viên
|
| 653 |
# |
# |
|a Đổi mới
|
| 653 |
# |
# |
|a Luận văn
|
| 653 |
# |
# |
|a Phát triển
|
| 653 |
# |
# |
|a THPT
|
| 700 |
1 |
# |
|a Phan, Trọng Nam
|e Hướng dẫn
|
| 852 |
# |
# |
|j LV.0002292
|j LV.0002293
|
| 910 |
# |
# |
|d 20/8/2019
|
| 980 |
# |
# |
|a Trung tâm Học liệu Lê Vũ Hùng, Trường Đại học Đồng Tháp
|